000 01501nam a22002537a 4500
003 URS
005 20251014134806.0
008 251014b |||||||| |||| 00| 0 eng d
020 _a978-1-4338-4408-9
040 _cURS
_bEnglish
_erda
050 0 0 _aRC467.8
_b.M566 2024
245 1 0 _aMethodological issues and strategies in clinical research /
_cedited by Alan E. Kazdin.
250 _aFifth edition.
264 _aWashington, DC :
_bAmerican Psychological Association,
_c©2024.
300 _ax, 1169 pages ;
_c26 cm.
336 _2txt
_atext
_brdacontent
337 _2rdamedia
_aunmediated
_bn
338 _2rdacarrier
_avolume
_bnc
500 _aIncludes index.
520 _a"As people age their need for long-term care increases and this condition places them into one of the most vulnerable segments of our society. Currently, books are available addressing the long-term care continuum but none address skilled nursing facility care from a practical perspective. There is a need for a book which will educate college students, preceptors, and administrators-in-training in practical approaches to providing good quality care that positively impacts quality of life. This book will describe the levels of care available to people and discuss in particular the complexity of skilled nursing care which covers both short-term and long-term stays for residents".
650 0 _a Clinical psychology
_vResearch
_xMethodology.
_96529
700 _aKazdin, Alan E.,
_eeditor.
_96528
942 _2lcc
_cR
999 _c87267
_d87264